[Event "49th Bosna it"]
[Site "Sarajevo BIH"]
[Date "2019.05.02"]
[Round "8.33"]
[White "Medic, Nevenko"]
[Black "Pistalovic, Slobodan"]
[Result "0-1"]
[WhiteElo "1983"]
[BlackElo "1865"]
[EventDate "2019.04.27"]
[PlyCount "52"]

1.c4 c6 2.d4 d5 3.Nc3 Nf6 4.Bg5 e6 5.e3 Be7 6.Nf3 O-O 7.c5 Nbd7 8.Bd3 Nh5 
9.Bxe7 Qxe7 10.Nd2 Nhf6 11.f4 b6 12.b4 a5 13.a3 Ba6 14.Nf3 Bxd3 15.Qxd3 
axb4 16.Ne2 bxc5 17.O-O c4 18.Qb1 bxa3 19.Qb7 Qd6 20.Ne5 Rfb8 21.Qxc6 Qxc6
22.Nxc6 Rb6 23.Ne5 Nxe5 24.dxe5 Ne4 25.f5 a2 26.fxe6 fxe6 0-1

[Event "49th Bosna it"]
[Site "Sarajevo BIH"]
[Date "2019.05.02"]
[Round "8.34"]
[White "Fejzic, Danis"]
[Black "Kozarcanin, Sead"]
[Result "0-1"]
[WhiteElo "1539"]
[BlackElo "1976"]
[EventDate "2019.04.27"]
[PlyCount "72"]

1.e4 e5 2.Nf3 Nc6 3.Bb5 a6 4.Ba4 d6 5.O-O b5 6.Bb3 Na5 7.c3 Nxb3 8.axb3 
Bb7 9.Re1 Nf6 10.d3 Be7 11.b4 O-O 12.Bg5 h6 13.Bh4 g5 14.Bg3 Nh5 15.Na3 
Nxg3 16.hxg3 f5 17.Nc2 f4 18.gxf4 gxf4 19.d4 Bf6 20.Nh2 Kh7 21.Qh5 Qe8 22.
Qxe8 Raxe8 23.dxe5 dxe5 24.Rad1 Rd8 25.Ng4 Rxd1 26.Rxd1 Bxe4 27.Nxf6+ Rxf6
28.Ne1 Rd6 29.Rxd6 cxd6 30.Nf3 Bb1 31.Kf1 Kg6 32.Nd2 Kf5 33.Ke2 d5 34.g3 
e4 35.f3 exf3+ 36.Kxf3 Be4+ 0-1

[Event "49th Bosna it"]
[Site "Sarajevo BIH"]
[Date "2019.05.02"]
[Round "8.35"]
[White "Zenelaj, Fisnik"]
[Black "Colpa, Fahrudin"]
[Result "0-1"]
[WhiteElo "1933"]
[BlackElo "1848"]
[EventDate "2019.04.27"]
[PlyCount "90"]

1.e4 Nc6 2.d4 e6 3.Nf3 d5 4.Bd3 Bd7 5.O-O dxe4 6.Bxe4 Nf6 7.Bd3 Bd6 8.c4 
Nb4 9.Be2 c5 10.a3 Nc6 11.dxc5 Bxc5 12.b4 Be7 13.Nc3 a6 14.Bb2 Qc7 15.Rc1 
Rd8 16.Qc2 Qf4 17.Rfd1 O-O 18.b5 Na5 19.Rd4 Qc7 20.Rh4 h6 21.Nd1 axb5 22.
Ne3 bxc4 23.Bd4 Qc8 24.Bb6 Nd5 25.Rxh6 gxh6 26.Nxd5 exd5 27.Bxa5 Rde8 28.
Qd2 Bxa3 29.Rc3 Bc5 30.Qxh6 Re6 31.Qh5 Bxf2+ 32.Kxf2 Qc5+ 33.Kf1 Ra8 34.
Ng5 Rf6+ 35.Rf3 Bf5 36.Nh7 Bxh7 37.Rxf6 Qxa5 38.Qxf7+ Kh8 39.g3 Qa1+ 40.
Kg2 Qe5 41.Re6 Be4+ 42.Bf3 Ra2+ 43.Kh3 Qf5+ 44.Qxf5 Bxf5+ 45.Bg4 Bxe6 0-1

[Event "49th Bosna it"]
[Site "Sarajevo BIH"]
[Date "2019.05.02"]
[Round "8.36"]
[White "Kajevic, Dzevad"]
[Black "Savanovic, Maksim"]
[Result "1-0"]
[WhiteElo "1925"]
[BlackElo "1846"]
[EventDate "2019.04.27"]
[PlyCount "107"]

1.Nf3 d5 2.d4 Nf6 3.c4 c6 4.Nc3 dxc4 5.a4 Na6 6.e4 Bg4 7.Bxc4 Bxf3 8.gxf3 
e6 9.Bg5 Be7 10.Rg1 g6 11.Qd2 Nb4 12.a5 Qxd4 13.b3 Qxd2+ 14.Kxd2 O-O-O+ 
15.Ke2 h6 16.Be3 Nc2 17.Ra4 Nxe3 18.fxe3 Rd7 19.Rc1 Rhd8 20.Rc2 Kb8 21.b4 
a6 22.f4 Ne8 23.e5 Nc7 24.Ne4 Nb5 25.Nc5 Bxc5 26.bxc5 Kc7 27.Ra1 h5 28.
Raa2 Rd1 29.Kf3 R1d7 30.Kg3 Kc8 31.Kh4 Nc7 32.Kg5 Nb5 33.Kf6 Nc7 34.h3 
Ne8+ 35.Kg5 Rd1 36.Kh6 R1d7 37.Rab2 Nc7 38.Kg5 Rd1 39.Kf6 R1d7 40.Rc1 Ne8+
41.Kg5 Nc7 42.Rcb1 Nb5 43.Rc1 Nc7 44.Kh6 Rh8+ 45.Kg7 Rhd8 46.Rcb1 Nb5 47.
Rb3 Rc7 48.Kf6 Rcd7 49.Be2 Kc7 50.Bf3 Kc8 51.h4 Nc7 52.Bxc6 Nd5+ 53.Bxd5 
exd5 54.c6 1-0

[Event "49th Bosna it"]
[Site "Sarajevo BIH"]
[Date "2019.05.02"]
[Round "8.37"]
[White "Korjenic, Esef"]
[Black "Miftari, Hedon"]
[Result "0-1"]
[WhiteElo "1922"]
[BlackElo "1621"]
[EventDate "2019.04.27"]
[PlyCount "80"]

1.e4 c5 2.Nc3 Nc6 3.Nf3 e5 4.a3 Nf6 5.Bc4 Be7 6.O-O O-O 7.Ne2 Nxe4 8.Bd5 
Nf6 9.Bxc6 bxc6 10.Nxe5 Qc7 11.Nf3 d5 12.h3 Re8 13.d3 h6 14.Re1 Bd6 15.b3 
Nd7 16.Bb2 Ne5 17.Ng3 Bd7 18.Nh4 Ng6 19.Nhf5 Rxe1+ 20.Qxe1 Re8 21.Qd1 Bxf5
22.Nxf5 Be5 23.d4 cxd4 24.Bxd4 c5 25.Bxe5 Qxe5 26.Ne3 Nf4 27.Qf1 Ne2+ 28.
Kh1 Qxe3 29.fxe3 Ng3+ 30.Kg1 Nxf1 31.Kxf1 Rxe3 32.b4 Rc3 33.Ra2 Kf8 34.Ke2
Ke7 35.Kd2 d4 36.b5 Rg3 37.a4 Rxg2+ 38.Kd3 Rg3+ 39.Kc4 Kd6 40.b6 Kc6 0-1

[Event "49th Bosna it"]
[Site "Sarajevo BIH"]
[Date "2019.05.02"]
[Round "8.38"]
[White "Vujicic, Dragisa"]
[Black "Zaloznik, Vesna"]
[Result "1-0"]
[WhiteElo "1922"]
[BlackElo "1556"]
[EventDate "2019.04.27"]
[PlyCount "63"]

1.Nf3 Nc6 2.d4 d5 3.e3 Nf6 4.c4 e6 5.Nc3 Bb4 6.a3 Bxc3+ 7.bxc3 Ne4 8.Qc2 
O-O 9.Bd3 f5 10.O-O g5 11.Ne5 Nxe5 12.dxe5 c6 13.f3 Nc5 14.Be2 Qc7 15.f4 
g4 16.a4 Rf7 17.Bd2 h5 18.cxd5 cxd5 19.c4 Ne4 20.Rfc1 dxc4 21.Bxc4 Qe7 22.
Bd3 Nxd2 23.Qxd2 b6 24.e4 Kg7 25.exf5 exf5 26.a5 bxa5 27.Rxa5 Be6 28.Rca1 
Qc7 29.Qf2 Bc4 30.Rc5 Qxc5 31.Qxc5 Bxd3 32.Qd4 1-0

[Event "49th Bosna it"]
[Site "Sarajevo BIH"]
[Date "2019.05.02"]
[Round "8.39"]
[White "Pestek, Elvis"]
[Black "Nukic, Farik"]
[Result "1-0"]
[WhiteElo "1995"]
[BlackElo "1731"]
[EventDate "2019.04.27"]
[PlyCount "97"]

1.e4 d5 2.exd5 Nf6 3.d4 Nxd5 4.Nf3 g6 5.Bd3 Bg7 6.c3 O-O 7.O-O c5 8.Bc4 
cxd4 9.Nxd4 Nb6 10.Bb3 e5 11.Nb5 Bd7 12.Qe2 Bxb5 13.Qxb5 Nc6 14.Rd1 Qc7 
15.Be3 Nd7 16.Na3 a6 17.Qd5 Nf6 18.Qd6 Qxd6 19.Rxd6 Rfd8 20.Rad1 Rxd6 21.
Rxd6 Rd8 22.Rxd8+ Nxd8 23.Nc4 Ne8 24.Bb6 Nc6 25.Ba4 f5 26.Bxc6 bxc6 27.Na5
Nd6 28.b3 Ne4 29.c4 c5 30.f3 Nc3 31.Bxc5 Nxa2 32.Be3 Nc3 33.c5 Kf7 34.c6 
Nd5 35.Nc4 Bf8 36.Nxe5+ Ke6 37.Nd7 Nxe3 38.Nxf8+ Kd6 39.Kf2 Nd5 40.Nxh7 
Kxc6 41.Nf8 Kb5 42.Nxg6 Kb4 43.Ne5 Kxb3 44.Nc6 Ne7 45.Nxe7 a5 46.Nxf5 a4 
47.Ke2 a3 48.Kd2 Kb2 49.Ne3 1-0

[Event "49th Bosna it"]
[Site "Sarajevo BIH"]
[Date "2019.05.02"]
[Round "8.40"]
[White "Colpa, Husein"]
[Black "Bavcic, Fuad"]
[Result "1/2-1/2"]
[WhiteElo "1854"]
[BlackElo "1681"]
[EventDate "2019.04.27"]
[PlyCount "97"]

1.d4 e6 2.Nf3 d5 3.a3 Nf6 4.c4 c6 5.Nbd2 Be7 6.e3 O-O 7.Bd3 b6 8.b3 Nbd7 
9.Bb2 c5 10.Rc1 Bb7 11.Qe2 Re8 12.O-O Bf8 13.Rfd1 g6 14.Ne5 Nh5 15.f4 cxd4
16.Bxd4 Bxa3 17.Ra1 Bc5 18.Qf2 f5 19.Bc3 Rf8 20.b4 Nxe5 21.Bxe5 Bxb4 22.
Be2 Nf6 23.Nb3 Ne4 24.Qf1 Qe7 25.Rac1 Rac8 26.cxd5 exd5 27.Ba6 Nc5 28.Bxb7
Qxb7 29.Nd4 a6 30.Qf3 Ne4 31.h4 Be7 32.h5 Bf6 33.Ne6 Rf7 34.Bxf6 Rxf6 35.
hxg6 hxg6 36.Ng5 Nxg5 37.fxg5 Rxc1 38.Rxc1 Re6 39.Qf4 Qd7 40.Qb8+ Re8 41.
Qxb6 Qe6 42.Rc6 Qxe3+ 43.Qxe3 Rxe3 44.Rxg6+ Kh7 45.Rxa6 f4 46.Rf6 Re4 47.
Rf5 d4 48.Kf2 Kg6 49.Rd5 1/2-1/2

[Event "49th Bosna it"]
[Site "Sarajevo BIH"]
[Date "2019.05.02"]
[Round "8.41"]
[White "Rakita, Jandrija"]
[Black "Pleh, Semir"]
[Result "0-1"]
[WhiteElo "1689"]
[BlackElo "1829"]
[EventDate "2019.04.27"]
[PlyCount "104"]

1.e4 c5 2.c4 Nc6 3.Nf3 e5 4.Nc3 Nf6 5.b3 Nd4 6.Nxd4 cxd4 7.Nd5 Be7 8.Nxf6+
Bxf6 9.d3 O-O 10.Be2 Bg5 11.O-O f5 12.exf5 Rxf5 13.Bf3 Rb8 14.Be4 Rf8 15.
Ba3 d6 16.Bc1 Bxc1 17.Rxc1 Qg5 18.Rc2 Rf6 19.Qd2 Qh5 20.f4 exf4 21.Bf3 Bg4
22.Bxg4 Qxg4 23.Rf3 Re8 24.Qf2 Re3 25.Qf1 Qe6 26.Rc1 Qe5 27.Qf2 Re2 28.Qh4
g5 29.Qg4 Re6 30.Rcf1 Kh8 31.h4 h6 32.hxg5 hxg5 33.Rh3+ Kg8 34.Qh5 Qg7 35.
Qg4 R2e3 36.Rh5 R3e5 37.Rf3 Rh6 38.Qc8+ Kf7 39.Qxb7+ Kg6 40.Rxh6+ Kxh6 41.
Rh3+ Kg6 42.Rh8 Kf5 43.Qb8 Re6 44.Qc8 Qe5 45.Qf8+ Kg4 46.Kh2 Qe3 47.Rh3 
Qe5 48.Rf3 Re8 49.Qf7 Rh8+ 50.Kg1 Qe1+ 51.Rf1 Qe3+ 52.Rf2 Kg3 0-1

[Event "49th Bosna it"]
[Site "Sarajevo BIH"]
[Date "2019.05.02"]
[Round "8.42"]
[White "Jurisic, Iskra"]
[Black "Haskovic, Salih"]
[Result "0-1"]
[WhiteElo "1748"]
[BlackElo "1790"]
[EventDate "2019.04.27"]
[PlyCount "94"]

1.d4 Nf6 2.Nf3 g6 3.g3 Bg7 4.Bg2 O-O 5.O-O d5 6.Nc3 c6 7.Be3 Nbd7 8.Qc1 
Re8 9.Bh6 Nf8 10.Bxg7 Kxg7 11.Nd1 Ne6 12.c4 h6 13.cxd5 cxd5 14.Ne3 Bd7 15.
Qd1 Qb6 16.b3 Rac8 17.Ne5 Bc6 18.Nxc6 bxc6 19.Nc2 Nc7 20.Ne1 Nb5 21.Nf3 
Ne4 22.e3 f6 23.Nh4 f5 24.Bxe4 dxe4 25.g4 e6 26.gxf5 exf5 27.Kh1 Qd8 28.
Nxf5+ gxf5 29.Qh5 Qf6 30.Rg1+ Kh7 31.Rg3 Rg8 32.Rag1 Rxg3 33.Rxg3 Rg8 34.
Rxg8 Kxg8 35.Qe8+ Kg7 36.Qd7+ Kg6 37.Qe8+ Kg5 38.Qg8+ Qg6 39.h4+ Kh5 40.
Qxg6+ Kxg6 41.Kg2 f4 42.Kh3 fxe3 43.fxe3 Kf6 44.Kg3 Nc3 45.b4 Nd5 46.h5 
Nxe3 47.a3 Nd5 0-1

[Event "49th Bosna it"]
[Site "Sarajevo BIH"]
[Date "2019.05.02"]
[Round "8.43"]
[White "Beslija, Hana"]
[Black "Manic, Mujo"]
[Result "0-1"]
[WhiteElo "1297"]
[BlackElo "1754"]
[EventDate "2019.04.27"]
[PlyCount "106"]

1.f4 d5 2.Nf3 c5 3.b3 Nc6 4.Bb2 Nf6 5.e3 a6 6.Be2 g6 7.O-O Bg7 8.d3 O-O 9.
c4 d4 10.exd4 cxd4 11.h3 Bh6 12.Nh2 Qc7 13.Bc1 Ne8 14.Bg4 Bxg4 15.Nxg4 Bg7
16.Nd2 Nd6 17.Nf3 Nf5 18.Qe1 a5 19.a3 f6 20.Nh4 Qd7 21.Nxf5 Qxf5 22.Qe2 
Rfe8 23.Bd2 Qd7 24.Rae1 h5 25.Nh2 e6 26.Nf3 Re7 27.Nh4 Qe8 28.Qe4 f5 29.
Qe2 e5 30.Qf2 e4 31.dxe4 fxe4 32.Qg3 e3 33.Bc1 Bf6 34.Qxg6+ Qxg6 35.Nxg6 
Rd7 36.g4 hxg4 37.hxg4 Re8 38.g5 Bg7 39.f5 Ne5 40.Nxe5 Bxe5 41.Kg2 Rh7 42.
Rh1 Rxh1 43.Kxh1 Bf4 44.g6 Rf8 45.Bxe3 dxe3 46.Kg2 Rxf5 47.b4 axb4 48.axb4
Bh6 49.Kh3 Kg7 50.Kh4 Kxg6 51.Rg1+ Bg5+ 52.Kg4 Rf4+ 53.Kg3 Rxc4 0-1

[Event "49th Bosna it"]
[Site "Sarajevo BIH"]
[Date "2019.05.02"]
[Round "8.45"]
[White "Muhibic, Cazim"]
[Black "Hasanovic, Jakub"]
[Result "1-0"]
[WhiteElo "1859"]
[BlackElo "1682"]
[EventDate "2019.04.27"]
[PlyCount "89"]

1.d4 d5 2.Bf4 Nd7 3.Nf3 g6 4.e3 c6 5.c3 Bg7 6.Nbd2 Ngf6 7.Bd3 O-O 8.Rc1 
Ne8 9.h4 f6 10.h5 e5 11.dxe5 fxe5 12.Bg5 Bf6 13.Bxf6 Nexf6 14.hxg6 e4 15.
Ng5 Ne5 16.Be2 hxg6 17.f4 Neg4 18.Nf1 Kg7 19.Qd4 Rh8 20.Rg1 Qb6 21.b3 Qxd4
22.cxd4 Nh7 23.Nh3 Kf6 24.Nf2 Nxf2 25.Kxf2 Bf5 26.g4 Bd7 27.Rh1 Rag8 28.
g5+ Ke7 29.Ng3 Nf8 30.Kg2 Bf5 31.Nxf5+ gxf5 32.Bh5 Ne6 33.b4 Ng7 34.Bg6 
Ne6 35.Bxf5 Nc7 36.Kg3 Nb5 37.Bh7 Rg7 38.Bxe4 Rhg8 39.Bd3 Nc7 40.Rh7 Rxh7 
41.Bxh7 Rg7 42.Rh1 Ne6 43.Kg4 Nf8 44.Bd3 Kf7 45.f5 1-0

[Event "49th Bosna it"]
[Site "Sarajevo BIH"]
[Date "2019.05.02"]
[Round "8.46"]
[White "Mrkovic, Nikola"]
[Black "Lakota, Izet"]
[Result "0-1"]
[WhiteElo "1448"]
[BlackElo "1750"]
[EventDate "2019.04.27"]
[PlyCount "78"]

1.e4 d5 2.exd5 Qxd5 3.Nc3 Qd8 4.d4 g6 5.Nf3 Bg7 6.h3 c6 7.Be3 Nf6 8.Bc4 
Qd6 9.Rb1 O-O 10.O-O Be6 11.Bxe6 Qxe6 12.Re1 Qd6 13.Qd2 e6 14.Bf4 Qd8 15.
Rbd1 Nd5 16.Nxd5 Qxd5 17.a3 Nd7 18.Qb4 b5 19.Qd6 Nb6 20.c3 Rfd8 21.Qxd5 
Rxd5 22.Ne5 Bxe5 23.Bxe5 Nc4 24.Re2 Rad8 25.b3 Nxe5 26.f4 Nd7 27.Kf2 Kg7 
28.g4 h6 29.Kf3 Nb6 30.Ke3 Kf6 31.h4 a5 32.Rc1 a4 33.c4 bxc4 34.bxc4 Rxd4 
35.c5 Nc4+ 36.Kf2 Rxf4+ 37.Kg3 Rdd4 38.Rf2 Rxf2 39.Kxf2 Rxg4 0-1

[Event "49th Bosna it"]
[Site "Sarajevo BIH"]
[Date "2019.05.02"]
[Round "8.47"]
[White "Hamzic, Adil"]
[Black "Gazija, Tarik"]
[Result "1/2-1/2"]
[WhiteElo "1708"]
[BlackElo "1494"]
[EventDate "2019.04.27"]
[PlyCount "41"]

1.e4 e5 2.Nf3 Nc6 3.Bb5 Bc5 4.O-O d6 5.h3 a6 6.Ba4 b5 7.Bb3 Nf6 8.d3 h6 9.
c3 O-O 10.Re1 Re8 11.Bc2 Bb6 12.d4 Bb7 13.d5 Ne7 14.Be3 c6 15.Bxb6 Qxb6 
16.dxc6 Qxc6 17.Nbd2 Qc7 18.Nf1 Rac8 19.Rc1 Red8 20.Ng3 Ng6 21.Re3 1/2-1/2

[Event "49th Bosna it"]
[Site "Sarajevo BIH"]
[Date "2019.05.02"]
[Round "8.48"]
[White "Tutic, Amina"]
[Black "Zaloznik, Gal"]
[Result "0-1"]
[WhiteElo "1429"]
[BlackElo "1304"]
[EventDate "2019.04.27"]
[PlyCount "120"]

1.e4 e5 2.Nf3 Nc6 3.d4 exd4 4.Nxd4 Qf6 5.Be3 Bc5 6.c3 Nxd4 7.Bxd4 Bxd4 8.
Qxd4 d6 9.f3 Bd7 10.Nd2 Qxd4 11.cxd4 O-O-O 12.d5 f5 13.h3 Re8 14.g4 Nf6 
15.gxf5 Bxf5 16.Bd3 Nh5 17.O-O-O Bd7 18.Bf1 Rhf8 19.Rg1 g6 20.b3 Rf4 21.
Bg2 Rh4 22.Rh1 Nf4 23.Bf1 Bxh3 24.Bxh3+ Rxh3 25.Rxh3 Nxh3 26.Rh1 Ng5 27.f4
Nxe4 28.Rxh7 Nf6 29.Rg7 Nxd5 30.Rxg6 Nxf4 31.Rg7 b6 32.Nf3 Rf8 33.Nd4 Kb7 
34.Kd2 Nd5 35.Kd3 a6 36.a4 Re8 37.Kc4 Re7 38.Rg5 Ne3+ 39.Kd3 c5 40.Ne2 Kc6
41.Nf4 b5 42.axb5+ axb5 43.Kc3 Re5 44.Rg8 Nd5+ 45.Nxd5 Kxd5 46.Rg3 c4 47.
Kb4 Kd4 48.bxc4 bxc4 49.Rc3 d5 50.Rc1 Re3 51.Rc2 Rb3+ 52.Ka4 Kd3 53.Rh2 d4
54.Rh3+ Kc2 55.Rh2+ Kc3 56.Rh3+ d3 57.Rg3 Kc2 58.Rg4 c3 59.Rg1 d2 60.Ra1 
Rb2 0-1

[Event "49th Bosna it"]
[Site "Sarajevo BIH"]
[Date "2019.05.02"]
[Round "8.49"]
[White "Hadziabdic, Nadja"]
[Black "Mujicic, Benjamin"]
[Result "1-0"]
[WhiteElo "1102"]
[BlackElo "1488"]
[EventDate "2019.04.27"]
[PlyCount "72"]

1.e4 c5 2.Nf3 d6 3.Bc4 Nc6 4.Nc3 Nf6 5.O-O e6 6.Re1 a6 7.a4 Be7 8.d3 Ng4 
9.Ba2 Nge5 10.Nxe5 Nxe5 11.f4 Nc6 12.Kh1 O-O 13.Qg4 Bf6 14.Bd2 g6 15.Rf1 
Nb4 16.Rfc1 Nxa2 17.Rxa2 h5 18.Qf3 Bd7 19.Re1 Bg7 20.e5 Bc6 21.Qf2 b6 22.
exd6 Qxd6 23.Ne4 Qd7 24.Bc3 Bxc3 25.bxc3 Bxe4 26.dxe4 Rfd8 27.h3 Qd2 28.
Qxd2 Rxd2 29.Rb2 Rb8 30.Reb1 Rd6 31.e5 Rc6 32.c4 f6 33.a5 fxe5 34.fxe5 b5 
35.cxb5 axb5 36.Rxb5 Ra6 1-0

[Event "49th Bosna it"]
[Site "Sarajevo BIH"]
[Date "2019.05.03"]
[Round "9.1"]
[White "Predojevic, Borki"]
[Black "Brkic, Ante"]
[Result "1/2-1/2"]
[WhiteElo "2621"]
[BlackElo "2560"]
[EventDate "2019.04.27"]
[PlyCount "39"]

1.e4 e5 2.Nf3 Nc6 3.Bb5 Nf6 4.O-O Nxe4 5.d4 Nd6 6.dxe5 Nxb5 7.a4 Nbd4 8.
Nxd4 Nxd4 9.Qxd4 d5 10.exd6 Qxd6 11.Qe4+ Qe6 12.Qd4 Qd6 13.Qe3+ Be7 14.Nc3
c6 15.Re1 Be6 16.Ne4 Qe5 17.Ng5 Qxg5 18.Qxg5 Bxg5 19.Bxg5 O-O 20.a5 
1/2-1/2

[Event "49th Bosna it"]
[Site "Sarajevo BIH"]
[Date "2019.05.03"]
[Round "9.3"]
[White "Kadric, Denis"]
[Black "Buljubasic, Sabahudin"]
[Result "1-0"]
[WhiteElo "2542"]
[BlackElo "2347"]
[EventDate "2019.04.27"]
[PlyCount "51"]

1.e4 c5 2.Nf3 e6 3.d4 cxd4 4.Nxd4 a6 5.Nc3 Qc7 6.Bd3 Nf6 7.O-O Be7 8.Kh1 
d6 9.f4 Nbd7 10.Qe2 O-O 11.Bd2 Nc5 12.b4 Nxd3 13.cxd3 h6 14.a3 b6 15.Rac1 
Qb7 16.Rf3 Kh8 17.Rcf1 Bd7 18.Rh3 Nh7 19.f5 Rg8 20.Qh5 Bf6 21.Nce2 e5 22.
Nf3 d5 23.Nc3 Bc6 24.Bxh6 g6 25.Qg4 dxe4 26.Bg5 1-0

[Event "49th Bosna it"]
[Site "Sarajevo BIH"]
[Date "2019.05.03"]
[Round "9.5"]
[White "Subelj, Jan"]
[Black "Kozul, Zdenko"]
[Result "0-1"]
[WhiteElo "2407"]
[BlackElo "2589"]
[EventDate "2019.04.27"]
[PlyCount "110"]

1.e4 c5 2.c3 Nf6 3.e5 Nd5 4.Bc4 Nb6 5.Bb3 c4 6.Bc2 d6 7.exd6 e5 8.Nf3 Nc6 
9.b3 Bxd6 10.Na3 O-O 11.O-O Bxa3 12.Bxa3 Re8 13.d3 cxb3 14.axb3 Bg4 15.h3 
Bh5 16.Bc1 Nd5 17.Bd2 Qf6 18.Re1 h6 19.b4 a6 20.Rb1 Bxf3 21.Qxf3 Qxf3 22.
gxf3 Red8 23.b5 axb5 24.Rxb5 Ra2 25.Rc1 Rd7 26.Kf1 Ra3 27.Bb3 Ndb4 28.
Bxf7+ Kxf7 29.cxb4 Raxd3 30.Be3 Rb3 31.Rc4 Rb1+ 32.Kg2 g5 33.h4 Kf6 34.
hxg5+ hxg5 35.Rc1 Rxc1 36.Bxc1 Ne7 37.Be3 Nd5 38.Kf1 Kf5 39.Kg2 Ke6 40.Kf1
Rg7 41.Bd2 b6 42.Be3 Rb7 43.Bc5 Rf7 44.Bxb6 Rb7 45.Rxd5 Kxd5 46.Be3 Rxb4 
47.Bxg5 Kd4 48.Bh4 Rb1+ 49.Kg2 Rb7 50.Bg3 Rf7 51.Bh2 Rf5 52.Bg3 Kd3 53.Kf1
Rh5 54.Kg2 Ke2 55.Bh2 Rxh2+ 0-1

[Event "49th Bosna it"]
[Site "Sarajevo BIH"]
[Date "2019.05.03"]
[Round "9.6"]
[White "Djukic, Nikola"]
[Black "Pastar, Slaven"]
[Result "1-0"]
[WhiteElo "2566"]
[BlackElo "2295"]
[EventDate "2019.04.27"]
[PlyCount "76"]

1.e4 e5 2.Nf3 Nc6 3.Bb5 Nf6 4.d3 Bc5 5.c3 d6 6.O-O O-O 7.h3 Ne7 8.Nbd2 Bd7
9.Bc4 Be6 10.Bxe6 fxe6 11.Qb3 Qd7 12.d4 exd4 13.cxd4 Bb6 14.Ng5 d5 15.e5 
Nh5 16.Qd3 g6 17.Nb3 Kg7 18.h4 Kg8 19.Qh3 Ng7 20.Nf3 Rae8 21.Bg5 c6 22.Nh2
h5 23.Nf3 Bd8 24.Nc5 Qc8 25.g4 b6 26.Nd3 c5 27.Nf4 Nc6 28.Nxg6 Rxf3 29.
Qxf3 Nxd4 30.Qd1 Bxg5 31.hxg5 hxg4 32.Qxg4 Kf7 33.Nf4 Rh8 34.Kg2 Qc7 35.
Rae1 Ndf5 36.g6+ Ke8 37.Nxe6 Qe7 38.Nxg7+ Nxg7 1-0

[Event "49th Bosna it"]
[Site "Sarajevo BIH"]
[Date "2019.05.03"]
[Round "9.7"]
[White "Ozen, Deniz"]
[Black "Kjartansson, Gudmundur"]
[Result "1/2-1/2"]
[WhiteElo "2403"]
[BlackElo "2444"]
[EventDate "2019.04.27"]
[PlyCount "77"]

1.e4 c5 2.Nf3 Nc6 3.Bb5 g6 4.Bxc6 bxc6 5.O-O Bg7 6.Re1 Nh6 7.c3 O-O 8.d4 
cxd4 9.cxd4 d5 10.e5 f6 11.exf6 exf6 12.h3 Nf7 13.Nc3 Re8 14.Rxe8+ Qxe8 
15.b3 Bf8 16.Na4 g5 17.Bb2 Bf5 18.Nc5 Nd6 19.Nd2 Qf7 20.Rc1 Re8 21.Na4 Qd7
22.Ba3 Kg7 23.Nf1 Bg6 24.Qd2 Kf7 25.Nc5 Qc7 26.Bb4 h5 27.Ne3 Qc8 28.Nd3 
Re4 29.Bxd6 Bxd6 30.Nb4 Bxb4 31.Qxb4 Qd7 32.Qc3 Re6 33.b4 Qd6 34.a3 a6 35.
Nf1 Qe7 36.Nd2 Re1+ 37.Nf1 Re6 38.Nd2 Re1+ 39.Nf1 1/2-1/2

[Event "49th Bosna it"]
[Site "Sarajevo BIH"]
[Date "2019.05.03"]
[Round "9.9"]
[White "Hodzic, Nihad"]
[Black "Soysal, Serkan"]
[Result "0-1"]
[WhiteElo "2296"]
[BlackElo "2424"]
[EventDate "2019.04.27"]
[PlyCount "66"]

1.d4 g6 2.c4 Bg7 3.Nf3 d6 4.Nc3 Bg4 5.e4 Nc6 6.Be3 e5 7.d5 Nd4 8.Be2 Bxf3 
9.Bxf3 c5 10.O-O Nf6 11.Rb1 O-O 12.b4 b6 13.a4 Nd7 14.a5 cxb4 15.Rxb4 bxa5
16.Rb1 Nc5 17.Nb5 Qf6 18.Bd2 a4 19.Bb4 Nxb5 20.cxb5 Nb3 21.Be2 Rfc8 22.Rb2
Bf8 23.Ra2 Rc1 24.Qd3 Rxf1+ 25.Bxf1 Nc1 26.Qa3 Nxa2 27.Qxa2 Be7 28.Qa3 Qf4
29.Qd3 Qc1 30.h4 Qb2 31.Bc3 Qb3 32.Qd2 Rc8 33.Ba1 Qb1 0-1

[Event "49th Bosna it"]
[Site "Sarajevo BIH"]
[Date "2019.05.03"]
[Round "9.12"]
[White "Burovic, Rijad"]
[Black "Rasidovic, Sead"]
[Result "1-0"]
[WhiteElo "2393"]
[BlackElo "2225"]
[EventDate "2019.04.27"]
[PlyCount "75"]

1.e4 e6 2.d3 c5 3.g3 Nc6 4.Bg2 d5 5.Nd2 Nf6 6.Ngf3 Be7 7.O-O O-O 8.Re1 Qc7
9.e5 Nd7 10.Qe2 b6 11.h4 Bb7 12.c3 Rae8 13.Nf1 Ba6 14.Bf4 Qd8 15.Bh3 Kh8 
16.Ng5 Bxg5 17.hxg5 Qe7 18.Nh2 Rc8 19.Rad1 Rfe8 20.Qh5 Rg8 21.Ng4 Qe8 22.
Qh4 Ne7 23.Bg2 Ng6 24.Qh3 Nxf4 25.gxf4 Nf8 26.b3 Qd7 27.Bf3 Bb7 28.Kg2 d4 
29.c4 Bxf3+ 30.Kxf3 Qb7+ 31.Kg3 b5 32.Rh1 bxc4 33.bxc4 g6 34.Nf6 Rg7 35.
Qh6 Qc6 36.Rh2 Rb8 37.f3 Qc8 38.Rdh1 1-0

[Event "49th Bosna it"]
[Site "Sarajevo BIH"]
[Date "2019.05.03"]
[Round "9.13"]
[White "Sitnic, Adnan"]
[Black "Jakovljevic, Vlado"]
[Result "1/2-1/2"]
[WhiteElo "2174"]
[BlackElo "2356"]
[EventDate "2019.04.27"]
[PlyCount "110"]

1.e4 c5 2.f4 d5 3.exd5 Nf6 4.Bb5+ Bd7 5.Bxd7+ Qxd7 6.c4 e6 7.Qe2 Bd6 8.d3 
O-O 9.dxe6 fxe6 10.Nf3 Nc6 11.Nc3 e5 12.f5 Nd4 13.Qd1 Qxf5 14.O-O Qh5 15.
Ng5 Qg6 16.Be3 Nf5 17.Bd2 e4 18.Ncxe4 Be5 19.Nf3 Bxb2 20.Rb1 Bd4+ 21.Nxd4 
Nxd4 22.Nxf6+ Rxf6 23.Rxf6 Qxf6 24.Rxb7 Re8 25.Bc3 Qe5 26.Kh1 a6 27.h3 Rf8
28.Rb2 Rf5 29.Bxd4 Qxd4 30.Rb8+ Kf7 31.Qe1 Qe5 32.Rb7+ Kf8 33.Qb1 h6 34.
Rd7 Rf2 35.Rb7 Qf4 36.Rb8+ Kf7 37.Qb7+ Kg6 38.Qxa6+ Kh7 39.Rb1 Rf1+ 40.
Rxf1 Qxf1+ 41.Kh2 Qf4+ 42.Kg1 Qe3+ 43.Kf1 Qxd3+ 44.Kf2 Qd2+ 45.Kf3 Qd3+ 
46.Kf4 Qd4+ 47.Kf5 Qf2+ 48.Ke5 Qd4+ 49.Kf5 Qd3+ 50.Kg4 h5+ 51.Kxh5 Qe2+ 
52.g4 Qe8+ 53.Kg5 Qe5+ 54.Kh4 Qe1+ 55.Kg5 Qe5+ 1/2-1/2

[Event "49th Bosna it"]
[Site "Sarajevo BIH"]
[Date "2019.05.03"]
[Round "9.14"]
[White "Bistric, Faruk"]
[Black "Karaoglan, Kivanc"]
[Result "1/2-1/2"]
[WhiteElo "2347"]
[BlackElo "2001"]
[EventDate "2019.04.27"]
[PlyCount "99"]

1.b3 d5 2.Bb2 Nf6 3.Nf3 c5 4.e3 Bg4 5.h3 Bxf3 6.Qxf3 e6 7.Bb5+ Nbd7 8.c4 
Be7 9.Nc3 a6 10.Bxd7+ Qxd7 11.d3 O-O 12.O-O Rfd8 13.Rfd1 b5 14.Rac1 Rac8 
15.g4 h6 16.Kg2 Nh7 17.Ne2 Bf6 18.Bxf6 Nxf6 19.h4 dxc4 20.bxc4 Qc6 21.Qxc6
Rxc6 22.g5 hxg5 23.hxg5 Ng4 24.cxb5 axb5 25.d4 Rd5 26.g6 Rg5 27.gxf7+ Kxf7
28.Ng3 Nf6 29.Kf3 c4 30.a3 Ra6 31.Ra1 e5 32.d5 e4+ 33.Ke2 Rd6 34.a4 Rgxd5 
35.axb5 Rxd1 36.Rxd1 Rb6 37.Rb1 Ke6 38.Kd2 Kd5 39.Kc3 Kc5 40.Nf5 Nd5+ 41.
Kd2 c3+ 42.Ke2 Rxb5 43.Rxb5+ Kxb5 44.Nxg7 Kc4 45.Nf5 Kb3 46.Nd4+ Kb2 47.f3
exf3+ 48.Kxf3 Nc7 49.Ke2 Ne6 50.Nxe6 1/2-1/2

[Event "49th Bosna it"]
[Site "Sarajevo BIH"]
[Date "2019.05.03"]
[Round "9.15"]
[White "Marn, Jan"]
[Black "Arapovic, Vitomir"]
[Result "1-0"]
[WhiteElo "2150"]
[BlackElo "2331"]
[EventDate "2019.04.27"]
[PlyCount "81"]

1.d4 g6 2.c4 Bg7 3.Nc3 d6 4.e4 Nc6 5.Be3 e5 6.d5 Nce7 7.g4 Nf6 8.f3 O-O 9.
Qd2 Nd7 10.O-O-O f5 11.Nge2 a6 12.gxf5 gxf5 13.Bh6 f4 14.Bxg7 Kxg7 15.Kb1 
Nf6 16.Nc1 Kh8 17.Nd3 b6 18.Rg1 Rg8 19.Rxg8+ Qxg8 20.Ka1 Bd7 21.Qf2 Qg5 
22.b4 Rg8 23.c5 Qg1 24.Qxg1 Rxg1 25.cxd6 cxd6 26.Nb2 Rh1 27.Bxa6 Rxh2 28.
Nc4 Rf2 29.Nxb6 Rxf3 30.Nxd7 Nxd7 31.Nb5 Rg3 32.Nxd6 Rg6 33.Nf7+ Kg7 34.
Bb5 f3 35.Rf1 Kxf7 36.Bxd7 Rf6 37.b5 Ng6 38.Be6+ Ke7 39.b6 Kd6 40.Rc1 Rf8 
41.Bc8 1-0

[Event "49th Bosna it"]
[Site "Sarajevo BIH"]
[Date "2019.05.03"]
[Round "9.16"]
[White "Dedic, Nedzad"]
[Black "Trkulja, Goran"]
[Result "0-1"]
[WhiteElo "1932"]
[BlackElo "2309"]
[EventDate "2019.04.27"]
[PlyCount "106"]

1.e4 c5 2.Nf3 d6 3.d4 cxd4 4.Nxd4 Nf6 5.Nc3 a6 6.Be3 Ng4 7.Qd2 Nxe3 8.Qxe3
e6 9.Nb3 Be7 10.Be2 O-O 11.Rd1 Qc7 12.O-O Nd7 13.Kh1 b5 14.Rc1 Bb7 15.f4 
Rac8 16.Bf3 Nb6 17.Nd2 Qc5 18.Qxc5 Rxc5 19.a3 Rfc8 20.Nb3 R5c7 21.Na5 Ba8 
22.Rf2 Nc4 23.Nxc4 Rxc4 24.Rd2 g5 25.e5 d5 26.g3 gxf4 27.Rg1 Kh8 28.gxf4 
Rxf4 29.Bg2 Rg8 30.h3 Rf5 31.Re1 Bh4 32.Red1 Rxe5 33.Rf1 Re1 34.Rd1 Rxf1+ 
35.Rxf1 f5 36.Ne2 Bf6 37.c3 Be5 38.Re1 Kg7 39.Ra1 Bc6 40.Nc1 Kf6 41.Nd3 
Bd6 42.Rd1 e5 43.Nc1 e4 44.Nb3 Be5 45.Nc5 a5 46.Nb3 a4 47.Nd4 Bxd4 48.cxd4
Bd7 49.Rf1 Rc8 50.Rf2 Rc4 51.Rd2 f4 52.h4 f3 53.Bf1 Rc1 0-1

[Event "49th Bosna it"]
[Site "Sarajevo BIH"]
[Date "2019.05.03"]
[Round "9.17"]
[White "Strinic, Halid"]
[Black "Tomic, Aleksandar"]
[Result "0-1"]
[WhiteElo "2124"]
[BlackElo "2357"]
[EventDate "2019.04.27"]
[PlyCount "34"]

1.e4 c5 2.Nf3 e6 3.d4 cxd4 4.Nxd4 a6 5.Nc3 Qc7 6.Be2 Nf6 7.a3 b5 8.O-O Bb7
9.Bd3 Bc5 10.Nb3 Ba7 11.Qe2 h5 12.h3 Ng4 13.hxg4 hxg4 14.e5 f5 15.Re1 Qd8 
16.Qd2 Qh4 17.Kf1 Bxg2+ 0-1